[Event "FRA-ch U12"]
[Site "Gonfreville"]
[Date "2016.??.??"]
[Round "3"]
[White "Harutyunyan, Safar"]
[Black "Burgunder, Theo"]
[Result "1-0"]
[WhiteElo "1748"]
[BlackElo "1280"]
[PlyCount "67"]
[EventDate "2016.04.22"]
[EventType "swiss"]
[EventRounds "9"]
[EventCountry "FRA"]
[SourceTitle "EXT 2019"]
[Source "ChessBase"]
[SourceDate "2018.10.10"]
[SourceVersion "1"]
[SourceVersionDate "2018.10.10"]
[SourceQuality "1"]

1. e4 c5 2. Nc3 d6 3. d4 cxd4 4. Qxd4 Nc6 5. Bb5 Bd7 6. Bxc6 Bxc6 7. Nf3 Nf6 8. Bg5 e6 9. Qd3 Be7 10. Nd4 Qc7 11. Ndb5 Bxb5 12. Nxb5 Qc6 13. Bxf6 gxf6 14. 0-0-0 Kd7 15. f4 a6 16. Nxd6 Bxd6 17. e5 fxe5 18. fxe5 Qxg2 19. Qxd6+ Kc8 20. Rhg1 Qxh2 21. Qc5+ Kb8 22. Qd6+ Ka7 23. Qd4+ Kb8 24. Rd2 Qh6 25. Rgd1 Re8 26. Qd6+ Ka7 27. Qc5+ Kb8 28. Kb1 Qf8 29. Qb6 Rc8 30. Rd8 Rxd8 31. Rxd8+ Qxd8 32. Qxd8+ Ka7 33. Qd4+ Kb8 34. Qf2 1-0